Piezas de ajedrez - Estadísticas

Estadísticas generales
  • Esta prueba ha sido intentada 9.599 veces
  • La puntuación promedio es 6 de 6
Estadísticas de respuestas
Pieza % Correcto
Dama
100%
Rey
99%
Caballo
98%
Peón
97%
Torre
97%
Alfil
94%
No se encontraron pruebas coincidentes
Distribución de puntuación
Porcentaje de gente con cada puntuación
Porcentaje por número respondido
Historial de tus puntuaciones
No has intentado esta prueba.